Logo CIB grande

ENSAYOS AGRONOMICOS EN FINCAS SEGÚN EL ENFOQUE DE SISTEMAS AGROPECUARIOS (Registro nro. 231224)

Detalles MARC
000 -LEADER
campo de control de longitud fija 00663nam a2200253Ia 4500
005 - FECHA Y HORA DE LA ÚLTIMA TRANSACCIÓN
campo de control 20250425162532.0
008 - DATOS DE LONGITUD FIJA--INFORMACIÓN GENERAL
campo de control de longitud fija 250425s9999 xx 000 0 und d
020 ## - NÚMERO INTERNACIONAL ESTÁNDAR DEL LIBRO
Número Internacional Estándar del Libro 0962290610
041 ## - CÓDIGO DE IDIOMA
Código de lengua del texto/banda sonora o título independiente spa
082 ## - NÚMERO DE LA CLASIFICACIÓN DECIMAL DEWEY
Número de clasificación 630.715
010 ## - NÚMERO DE CONTROL DE LA BIBLIOTECA DEL CONGRESO
Número de control de LC 83531
100 ## - ENTRADA PRINCIPAL--NOMBRE DE PERSONA
Nombre de persona HILDEBRAND, PETER E
245 #0 - MENCIÓN DEL TÍTULO
Título ENSAYOS AGRONOMICOS EN FINCAS SEGÚN EL ENFOQUE DE SISTEMAS AGROPECUARIOS
250 ## - MENCION DE EDICION
Mención de edición 1A ED.
260 ## - PUBLICACIÓN, DISTRIBUCIÓN, ETC.
Lugar de publicación, distribución, etc. Estados Unidos
Nombre del editor, distribuidor, etc. AGROPECUARIA
Fecha de publicación, distribución, etc. 1989
260 ## - PUBLICACIÓN, DISTRIBUCIÓN, ETC.
Lugar de publicación, distribución, etc. FLORIDA CITY
300 ## - DESCRIPCIÓN FÍSICA
Extensión 134
500 ## - NOTA GENERAL
Nota general LIBRO DONADO POR DR. BARCIA
650 ## - PUNTO DE ACCESO ADICIONAL DE MATERIA--TÉRMINO DE MATERIA
Término de materia o nombre geográfico como elemento de entrada AGRONOMIA
650 ## - PUNTO DE ACCESO ADICIONAL DE MATERIA--TÉRMINO DE MATERIA
Término de materia o nombre geográfico como elemento de entrada FINCAS
650 ## - PUNTO DE ACCESO ADICIONAL DE MATERIA--TÉRMINO DE MATERIA
Término de materia o nombre geográfico como elemento de entrada SISTEMAS AGROPECUARIOS
700 ## - ENTRADA AGREGADA--NOMBRE PERSONAL
Nombre de persona POEY, FEDERICO
942 ## - ELEMENTOS DE ENTRADA SECUNDARIOS (KOHA)
Tipo de ítem Koha Libros
Existencias
Estatus retirado Estado de pérdida Estado de daño No para préstamo Biblioteca de origen Biblioteca actual Fecha de adquisición Coste, precio normal de compra Total de préstamos Código de barras Copia número
        FACULTAD DE INGENIERIA MECANICA Y CIENCIAS DE LA PRODUCCION FACULTAD DE INGENIERIA MECANICA Y CIENCIAS DE LA PRODUCCION 10/01/2013 3.00   D-79646 1

Copyright 2025 ESPOL. Todos los derechos reservados.